书目信息 |
| 题名: |
专业会计纲要
|
|
| 作者: | ;四川省会计专业职务考试必读编写组 编 | |
| 分册: | 上 | |
| 出版信息: | 成都 西南财经大学出版社 1987 |
|
| 页数: | 323页 | |
| 开本: | 19cm | |
| 丛书名: | 会计专业职务考试必读 | |
| 单 册: | ||
| 中图分类: | F23 | |
| 科图分类: | ||
| 主题词: | 会计--考核--自学参考资料 , 工业会计 , 商业会计 , 会计 | |
| 电子资源: | ||
| ISBN: | 7-81017-035-X | |
| 000 | 00861nam2 2200289 45 | |
| 001 | 0187018207 | |
| 005 | 20040425141700.8 | |
| 010 | @a7-81017-035-X@dCNY1.85 | |
| 100 | @a19951116d1987 em y0chiy0121 ea | |
| 101 | 0 | @achi |
| 102 | @aCN@b510000 | |
| 105 | @ay z 000yy | |
| 106 | @ar | |
| 200 | 10 | @a专业会计纲要@h上@Azhuan ye kuai ji gang yao@f四川省《编 |
| 210 | @a成都@c西南财经大学出版社@d1987 | |
| 215 | @a323页@d19cm | |
| 225 | 2 | @a会计专业职务考试必读@v2 |
| 410 | 0 | @120010@a会计专业职务考试必读 |
| 606 | @a会计@x考核@x自学参考资料 | |
| 606 | @a工业会计 | |
| 606 | @a商业会计 | |
| 606 | 0 | @a会计 |
| 690 | @aF23 | |
| 711 | 02 | @a四川省会计专业职务考试必读编写组@4编@Asi chuan sheng kuai ji zhuan ye zhi wu kao shi bi dou bian xie zu |
| 801 | 0 | @aCN@b深圳图书馆@c20040425 |
| 801 | 2 | @aCN@bNLC@c20040425 |
| 905 | @f1@b255223@dF23@e102:1 | |
| 专业会计纲要.上/四川省《编.-成都:西南财经大学出版社,1987 |
| 323页;19cm.-(会计专业职务考试必读;2) |
| ISBN 7-81017-035-X:CNY1.85 |
| ● |
| 相关链接 |
|
|
|
|
正题名:专业会计纲要
索取号:F23/102:1
 
预约/预借
| 序号 | 登录号 | 条形码 | 馆藏地/架位号 | 状态 | 备注 |
| 1 | 0255222 | 000206173 | 第一样本阅览室/ [索取号:F23/102:1] | 在馆 | |
| 2 | 0255223 | 000206217 | 第一借阅区/ [索取号:F23/102:1] | 在馆 |